00884pam a2200277 a 45000010008000000030005000080050017000130080041000300100017000710200024000880380011001120400018001230430012001410500024001530820013001771000029001902450055002192500012002742600030002863000021003166500025003376500027003626550024003898560104004138560089005173925884Nust20220831094710.0921112s1993 nyu 000 1 eng  a 92055070  a0340924357cRs. 476 aArshad aDLCcDLCdDLC ae-uk---00aPR6062.E33bN5 199300a823bCAR1 aLe Carré, John,d1931-14aThe night manager :ba novel cby John le Carré. a1st ed. aNew York :bKnopf,c1993. a624 p. ;c25 cm. aIntelligence service aIllegal arms transfers 7aSpy stories.2gsafd423Contributor biographical informationuhttp://www.loc.gov/catdir/enhancements/fy0703/92055070-b.html423Publisher descriptionuhttp://www.loc.gov/catdir/enhancements/fy0703/92055070-d.html